Archivarbeit zwischen braunen Trümmern und roten Fahnen

Titel: Archivarbeit zwischen braunen Trümmern und roten Fahnen : das Geheime und Hauptarchiv Schwerin zwischen 1945 und 1953
Verfasser:
In: Mecklenburgische Jahrbücher, Band 137 (2022), Seite 249-265
alle Artikel anzeigen
Veröffentlicht: 2022
Format: Aufsatz
Sprache: Deutsch
Kein Bild verfügbar
X
alg: 54330013
001A    $03036:30-03-26 
001B    $01999:30-03-26 $t22:10:47.000 
001D    $03036:30-03-26 
001U    $0utf8 
001X    $00 
002@    $0Aou 
002C    $aText $btxt $2rdacontent 
002D    $aohne Hilfsmittel zu benutzen $bn $2rdamedia 
002E    $aBand $bnc $2rdacarrier 
003@    $0543300137 
007A    $0543300137 $aHEB 
010@    $ager 
010E    $erda 
011@    $a2022 
021A    $aArchivarbeit zwischen braunen Trümmern und roten Fahnen $ddas Geheime und Hauptarchiv Schwerin zwischen 1945 und 1953 
028A    $BVerfasser $4aut $7122395379 $8Manke, Matthias$Z1968- [Tp3] $9153571632 
031A    $d137 $h249-265 $j2022 
039B    $aEnthalten in $8--Abvc--. Mecklenburgische Jahrbücher. - Schwerin : Verein für Mecklenburgische Geschichte u. Altertumskunde, 1931-. - ISSN 0930-8229 $x202200001370000751 $904735576X 
045T    $a8,1 $a9,10 

lok: 54330013 105

exp: 54330013 105 1 #EPN
201B/01 $030-03-26 $t16:01:06.000 
201C/01 $030-03-26 
201U/01 $0utf8 
203@/01 $01339188120 
208@/01 $a30-03-26 $be 
209A/01 $a/ $f106 $x00 
245Z/01 $a2.02. $bArchivwissenschaft und Archivtheorie / Archivgeschichte $x02 
245Z/01 $a3.11.02. $bArchivwesen des Bundes- und der deutschen Bundesländer / Mecklenburg-Vorpommern / Archive und Archivbestände $x03 
247C/01 $8->Marburg, Bibliographie zum Archivwesen der Archivschule Marburg $939588196X
LEADER 00000caa a2200000 c 4500
001 543300137
003 DE-603
005 20260330221047.0
007 tu
008 260330s2022 xx |||| | u00||u|ger c
035 |a (DE-599)HEB543300137 
040 |a DE-603  |b ger  |c DE-603  |d DE-603  |e rda 
041 |a ger 
084 |a 8,1  |a 9,10  |2 ssgn 
100 1 |a Manke, Matthias  |d 1968-  |e Verfasser  |4 aut  |0 (DE-603)153571632  |0 (DE-588)122395379  |2 gnd 
245 0 0 |a Archivarbeit zwischen braunen Trümmern und roten Fahnen  |b das Geheime und Hauptarchiv Schwerin zwischen 1945 und 1953 
264 0 |c 2022 
336 |a Text  |b txt  |2 rdacontent 
337 |a ohne Hilfsmittel zu benutzen  |b n  |2 rdamedia 
338 |a Band  |b nc  |2 rdacarrier 
773 0 8 |i Enthalten in  |t Mecklenburgische Jahrbücher  |d Schwerin : Verein für Mecklenburgische Geschichte u. Altertumskunde, 1931-  |h 22 cm  |x 0930-8229  |g Band 137 (2022), Seite 249-265  |w (DE-603)04735576X  |w (DE-600)218007-8 
924 0 |9 -  |a (DE-603)1339188120  |b DE-  |c HES  |d d  |g /